Footballeurs en O (par images). - Statistiques

Statistiques générales
  • Ce quiz a été pris 515 fois
  • Le résultat moyen est 8 sur 16
Statistiques - réponses
Par images Réponse % Correct
Mesut Özil
100%
Martin Ødegaard
91%
Jan Oblak
86%
Victor Osimhen
85%
Guillermo Ochoa
84%
Oscar
80%
Michael Owen
79%
Divock Origi
68%
Jay-Jay Okocha
38%
Marc Overmars
30%
Mislav Oršić
25%
Ivica Olić
20%
Daniel Osvaldo
7%
Delio Onnis
7%
Ariel Ortega
5%
Wilson Oruma
5%
Aucun quiz correspondant
Distribution des résultats
% des personnes avec chaque résultat
Percentile par nombre de réponses
Votre historique - résultats
Vous n’avez pas pris ce quiz